| 000 | 00552nam a2200169 i 4500 | ||
|---|---|---|---|
| 001 | 141396 | ||
| 003 | ES-MaACL | ||
| 005 | 20230906200302.0 | ||
| 007 | t| | ||
| 008 | 070921s1962 sp ||||1| spa d | ||
| 100 | 1 |
_aVizcaíno Casas, Fernando. _9115612 |
|
| 245 | 1 | 0 |
_aSuma de legislación del espectáculo / _cFernando Vizcaíno Casas ; prólogo por José Mª García Escudero. |
| 260 |
_a[Madrid : _bSantillana, _c1962] |
||
| 300 |
_a429 p. ; _c24 cm. |
||
| 700 | 1 |
_aGarcía Escudero, José María. _954570 |
|
| 852 |
_aES-MaACL _jC-22712 _bR.51328 |
||
| 999 |
_c141396 _d141396 |
||